Cuauhtémoc (Record no. 9947)

MARC details
000 -CABECERA
campo de control de longitud fija 00771nam a2200241 a 4500
001 - NÚMERO DE CONTROL
campo de control BRL_1135
005 - FECHA Y HORA DE LA ÚLTIMA TRANSACCIÓN
campo de control 20190320211041.0
008 - DATOS DE LONGITUD FIJA--INFORMACIÓN GENERAL
campo de control de longitud fija 141113c1953----mx-a######---#000-0#spa-#
041 ## - CÓDIGO DE LENGUA
Código de lengua del texto/banda sonora o título independiente spa
044 ## - CÓDIGO DEL PAÍS DE LA ENTIDAD EDITORA/PRODUCTORA
Código MARC del país mx
050 #4 - SIGNATURA TOPOGRÁFICA DE LA BIBLIOTECA DEL CONGRESO
Número de clasificación F1230.C96
Número de documento/Ítem .T67 1953
100 1# - ENTRADA PRINCIPAL--NOMBRE DE PERSONA
Nombre de persona Toscano, Salvador
Fechas asociadas al nombre 1912-1949
9 (RLIN) 18337
245 10 - MENCIÓN DE TÍTULO
Título Cuauhtémoc
Mención de responsabilidad, etc. por Salvador Toscano ; prólogo de Rafael Heliodoro Valle.
260 ## - PUBLICACIÓN, DISTRIBUCIÓN, ETC.
Lugar de publicación, distribución, etc. México
Nombre del editor, distribuidor, etc. FCE
Fecha de publicación, distribución, etc. 1953
300 ## - DESCRIPCIÓN FÍSICA
Extensión 210 p.
Otras características físicas il. (algunas a color)
Dimensiones 22 cm.
500 ## - NOTA GENERAL
Nota general Incluye índice de ilustraciones
500 ## - NOTA GENERAL
Nota general Au1304
600 14 - PUNTO DE ACCESO ADICIONAL DE MATERIA--NOMBRE DE PERSONA
Nombre de persona Cuauhtémoc
Títulos y otros términos asociados al nombre Emperador de México
Fechas asociadas al nombre 1495?-1525
9 (RLIN) 23677
651 #4 - PUNTO DE ACCESO ADICIONAL DE MATERIA--NOMBRE GEOGRÁFICO
Nombre geográfico México
Subdivisión general Historia
Subdivisión cronológica Conquista, 1519-1540
9 (RLIN) 442
700 1# - PUNTO DE ACCESO ADICIONAL--NOMBRE DE PERSONA
Nombre de persona Valle, Rafael Heliodoro
Fechas asociadas al nombre 1891-1959
Término indicativo de función/relación pról.
9 (RLIN) 3134
902 ## - CATALOGADOR
Iniciales GRL
942 ## - ELEMENTOS DE PUNTO DE ACCESO ADICIONAL (KOHA)
Fuente del sistema de clasificación o colocación Library of Congress Classification
Tipo de ítem Koha Libros
Holdings
Estado de retiro Estado de pérdida Estado dañado No para préstamo Localización permanente Ubicación/localización actual Fecha de adquisición Número de inventario Total de préstamos Signatura topográfica completa Código de barras Fecha visto por última vez Precio válido a partir de Tipo de ítem Koha
El ejemplar forma parte de la colección y puede ser consultado según las políticas vigentes.       Biblioteca Centro de Estudios Ruth D. Lechuga Biblioteca Centro de Estudios Ruth D. Lechuga 14/11/2013 Au1304   F1230.C96 .T67 1953 (Au1304) GRL01249 22/03/2019 22/03/2019 Libros